شميم (Record no. 3211)
[ view plain ]
| 000 -LEADER | |
|---|---|
| fixed length control field | 01112 a2200265 4500 |
| 005 - DATE AND TIME OF LATEST TRANSACTION | |
| control field | 20081010141021.0 |
| 008 - FIXED-LENGTH DATA ELEMENTS--GENERAL INFORMATION | |
| fixed length control field | 081010t xxu||||| |||| 00| 0 ur d |
| 010 ## - LCCN (DPL NO) | |
| LC control number | UR-7324-25 |
| 020 ## - INTERNATIONAL STANDARD BOOK NUMBER | |
| International Standard Book Number | 8188508160(vol.1) |
| Terms of availability | 170.00(part-1) |
| 020 ## - INTERNATIONAL STANDARD BOOK NUMBER | |
| International Standard Book Number | 8188508187(Set) |
| Terms of availability | 220.00(part-2) |
| 035 ## - SYSTEM CONTROL NUMBER | |
| System control number | U-5879-80 |
| 037 ## - SOURCE OF ACQUISITION | |
| Source of stock number/acquisition | D.B.Act / Pub |
| 082 ## - DEWEY DECIMAL CLASSIFICATION NUMBER | |
| Classification number | ن |
| 100 ## - MAIN ENTRY--PERSONAL NAME | |
| Personal name | فيا ض علی |
| 245 ## - TITLE STATEMENT | |
| Title | شميم |
| Statement of responsibility, etc | فيا ض علی |
| 246 ## - VARYING FORM OF TITLE | |
| Title proper/short title | Shamim(part 1 and 2) |
| Remainder of title | by Fiyaz Ali |
| 260 ## - PUBLICATION, DISTRIBUTION, ETC. (IMPRINT) | |
| Place of publication, distribution, etc | دھلی |
| Name of publisher, distributor, etc | ہما نشو پبليکيشن |
| Date of publication, distribution, etc | 2006 |
| 270 ## - ADDRESS | |
| Address | F-U-6, ويشا کھا انکليو ،پيتم پورہ، |
| City | دھلی |
| Postal code | 110034 |
| Telephone number | 28715142 |
| 300 ## - PHYSICAL DESCRIPTION | |
| Extent | 2V(239p; 560p). |
| Dimensions | 22cm (pbk) |
| 650 ## - SUBJECT ADDED ENTRY--TOPICAL TERM | |
| Topical term or geographic name as entry element | اردو ناول |
| 650 ## - SUBJECT ADDED ENTRY--TOPICAL TERM | |
| Topical term or geographic name as entry element | Urdu Novel |
| 942 ## - ADDED ENTRY ELEMENTS (KOHA) | |
| Institution code [OBSOLETE] | dpl |
| Item type | Urdu Bks |
| Call number prefix | |
| Source of classification or shelving scheme | Dewey Decimal Classification |
| Classification part | ن |
| Call number suffix | ف ي ا |
| Withdrawn status | Lost status | Source of classification or shelving scheme | Damaged status | Not for loan | Collection code | Home library | Current library | Date acquired | Cost, normal purchase price | Total Checkouts | Total Renewals | Full call number | Barcode | Date last seen | Copy number | Cost, replacement price | Koha item type |
|---|---|---|---|---|---|---|---|---|---|---|---|---|---|---|---|---|---|
| Dewey Decimal Classification | Not For Loan | Non-fiction | D.B.Act.Division | D.B.Act.Division | 10/10/2008 | 170.00 | ن ف ي ا | U-5879 | 15/09/2008 | 1 | 170.00 | Urdu Bks | |||||
| Dewey Decimal Classification | Not For Loan | Non-fiction | D.B.Act.Division | D.B.Act.Division | 10/10/2008 | 220.00 | ن ف ي ا | U-5880 | 15/09/2008 | 1 | 220.00 | Urdu Bks |
